Biblioteca

El caso Galileo (Registro nro. 63983)

Detalles MARC
000 -LÍDER
Campo fijo de descripción fija 01441cam a2200409 i 4500
001 - NÚMERO DE CONTROL
Campo de control 768714001
003 - IDENTIFICADOR DEL NÚMERO DE CONTROL
Campo de control CO-MdFUSB
005 - FECHA Y HORA DE LA ULTIMA TRANSACCIÓN
control field 20180622170022.0
008 - ELEMENTOS DE LONGITUD FIJA -- INFORMACIÓN GENERAL
Campo fijo de descripción fija -- Información general 090914s2009 sp a | |||| 000 0 spa
017 ## - COPYRIGHT OR LEGAL DEPOSIT NUMBER
Copyright or legal deposit number M 27567-2009
Assigning agency Oficina Depósito Legal Madrid
020 ## - NÚMERO INTERNACIONAL NORMALIZADO PARA LIBROS
Número Internacional Normalizado del libro 9788474909883
040 ## - FUENTE DE CATALOGACIÓN
Agencia de catalogación original SpMaBN
Idioma de catalogación spa
Agencia que realiza la transcripción CO-MdFUSB
Convenciones de la descripción rda
Agencia que realiza la modificación CO-MdFUSBC
041 ## - CÓDIGO DE IDIOMA
Código de idioma para texto/pista de sonido o título separado spa
080 ## - UNIVERSAL DECIMAL CLASSIFICATION NUMBER
Universal Decimal Classification number 34.096 Galilei, Galileo
080 ## - UNIVERSAL DECIMAL CLASSIFICATION NUMBER
Universal Decimal Classification number 215"16"
082 ## - NÚMERO DE CLASIFICACIÓN DECIMAL DEWEY
Número de la edición del Dewey 23
Número de clasificación 261.55
Clave de autor-Numero de item AR791
100 1# - ASIENTO PRINCIPAL--NOMBRE PERSONAL
Nombre personal Artigas, Mariano
Fechas asociadas con el nombre 1938-2006
Término relacionador autor
245 13 - TÍTULO
Título del Material El caso Galileo
Parte restante del título - Subtitulo : mito y realidad
Mención de responsabilidad, etc. / Mariano Artigas y William R. Shea
264 #1 - PRODUCCIÓN, PUBLICACIÓN, DISTRIBUCIÓN, MANUFACTURA, Y COPYRIGHT
Lugar de producción, publicación, distribución, manufactura Madrid
Nombre del productor, publicador, distribuidor Encuentro
Fecha de producción, publicación, distribución, manufactura, o copyright [2009]
264 #4 - PRODUCCIÓN, PUBLICACIÓN, DISTRIBUCIÓN, MANUFACTURA, Y COPYRIGHT
Fecha de producción, publicación, distribución, manufactura, o copyright ©2009
300 ## - DESCRIPCIÓN FÍSICA
Extensión 399 páginas :
Otros detalles físicos ilustraciones;
Dimensiones 23 cm
336 ## - TIPO DE CONTENIDO
Fuente rdacontent
Término de tipo de contenido
Código de tipo de contenido
337 ## - TIPO DE MEDIO
Fuente rdamedia
Nombre del tipo de medio
Código del tipo de medio
338 ## - TIPO DE SOPORTE
Fuente rdacarrier
Nombre del tipo de soporte
Código Tipo de soporte
490 1# - MENCIÓN DE SERIE
Mención de serie Ensayos
504 ## - NOTA DE BIBLIOGRAFÍA, ETC.
Nota de bibliografía, etc Bibliografía: p. 391-398
505 1# - NOTA DE CONTENIDO
Nota de contenido con formato preestablecido Guerra entre ciencia y religión -- ¿Tenía que suceder? -- Galileo revolucionario -- ¿Fue torturado galileo? -- ¿Jugo sucio? -- El derecho a equivocarse -- Otros mundos -- Galileo, un copernicano católico -- Nuevos documentos -- El mito de nunca acabar.
563 ## - NOTA DE ENCUADERNACIÓN
Nota de encuadernación Rústico
600 17 - ASIENTO SECUNDARIO DE MATERIA - NOMBRE PERSONAL
Nombre personal Galilei, Galileo
Subdivisión general Procesos
Fuente del encabezamiento o término embne
650 #7 - ASIENTO SECUNDARIO DE MATERIA - TERMINO TEMÁTICO
Término temático o nombre geográfico como elemento de entrada Religión y ciencia
Subdivisión cronológica S.XVII
Fuente del encabezamiento o término embne
700 1# - ASIENTO SECUNDARIO - NOMBRE PERSONAL
Nombre personal Shea, William R.
Fechas asociadas con el nombre 1937-
830 ## - PUNTO DE ACCESO ADICIONAL DE SERIE - TÍTULO UNIFORME
Título uniforme Ensayo : Ciencia
Designación de volumen o secuencia 387
942 ## - TIPO DE MATERIAL (KOHA)
Tipo de Item KOHA Libros General
956 ## - LOCAL ELECTRONIC LOCATION AND ACCESS (OCLC)
Host name 2
Existencias
Estado de Material Estado de Perdido Forma de Clasificación Estado de Dañado No para Préstamo Colección Biblioteca de Origen Biblioteca Permanente Fecha de Adquisición Total de Préstamos Signatura Topográfica Código de Barras Última vez visto Ejemplar/Existencia Fecha de Remplazo Tipo de Material
    Dewey Decimal Classification     Colección General Biblioteca FUSBC Biblioteca FUSBC 15/08/2017   G 261.55 AR791c 10651 12/12/2019 Ej. 1 15/08/2017 Libros General

Biblioteca FUSBC | Teléfono: (57+4) 349 88 10 Ext. 141| WhatsApp (+57) 3005338115 
E-mail: biblioteca@unisbc.edu.co | Calle 76 87-14 Robledo Palenque, Medellín, Colombia

Con tecnología Koha